| 000 | 00363nam a22001457a 4500 | ||
|---|---|---|---|
| 003 | OSt | ||
| 005 | 20220216094503.0 | ||
| 008 | 220216b |||||||| |||| 00| 0 eng d | ||
| 020 | _a9788181288486 | ||
| 040 | _cH U | ||
| 082 | _a629.8 | ||
| 100 |
_aJohnson Michael A. _930620 |
||
| 245 | _aPid Control New Identification And Design Methods | ||
| 942 |
_2ddc _cBOOKS _n0 |
||
| 999 |
_c30504 _d30504 |
||